Were They Alive During This? - The Queen Mother - Statistics

General Stats
  • This quiz has been taken 26 times
  • The average score is 12 of 20
Answer Stats
Question Answer % Correct
When the first plane was flown. Yes
100%
When the United Kingdom left the European Union. No
80%
When the Eiffel Tower was built. No
80%
When drones were first used for non-military purposes. No
80%
When the Notre Dame cathedral caught on fire. No
80%
When France overthrew their monarch. No
80%
When the United Kingdom had its first prime minister. No
80%
When Britain started using Australia as a prison colony. No
80%
When Al-Queda attacked the Northeastern United States. Yes
80%
When Hawaii was an independent nation. No
60%
Alive the same time as Queen Victoria. Yes
60%
When Google was launched. Yes
60%
When the first Nobel Peace Prize was awarded. Yes
60%
When Edward Elgar composed Pomp and Circumstance. Yes
40%
During the Golden Jubilee of Queen Elizabeth II. Yes
40%
When Czechoslovakia split. Yes
40%
When Devils Tower became a national monument. Yes
40%
When Microsoft released the first Xbox. Yes
40%
When Uranium was discovered No
20%
When the St. Mark's bell tower collapsed in Venice. Yes
20%
No matching quizzes found
Score Distribution
Percent of People with Each Score
Percentile by Number Answered
Your Score History
You have not taken this quiz